[Event "Barcelona Sants op 17th"]
[Site "Barcelona"]
[Date "2015.08.24"]
[Round "4"]
[White "Mateus Urbano, Luis Alejandro"]
[Black "Forestie, Pierre"]
[Result "1-0"]
[WhiteElo "2283"]
[BlackElo "2132"]
[PlyCount "79"]
[EventDate "2015.08.21"]
[EventType "swiss"]
[EventRounds "10"]
[EventCountry "ESP"]
[SourceTitle "EXT 2016"]
[Source "ChessBase"]
[SourceDate "2015.10.08"]
[SourceVersion "1"]
[SourceVersionDate "2015.10.08"]
[SourceQuality "1"]

1. e4 e5 2. Nf3 Nc6 3. Bb5 Bc5 4. 0-0 Nd4 5. Nxd4 Bxd4 6. c3 Bb6 7. d4 c6 8. Ba4 d6 9. Na3 Qf6 10. Be3 Bc7 11. f4 Qg6 12. f5 Qf6 13. Qh5 h6 14. Bb3 Bd7 15. dxe5 dxe5 16. Rad1 0-0-0 17. Bxf7 Qe7 18. Bc4 Nf6 19. Qf3 Kb8 20. b4 Be8 21. Rxd8+ Bxd8 22. Bc5 Bb6 23. Bxb6 axb6 24. Qe3 Kc7 25. Be6 Bf7 26. Nc4 Bxe6 27. Qxb6+ Kc8 28. fxe6 Qxe6 29. Na5 Qe7 30. Qa7 Qc7 31. Rd1 Qb8 32. Qf2 Qc7 33. Qf5+ Kb8 34. Nb3 Re8 35. Nc5 Ka8 36. h3 Qb6 37. Kh2 Qb5 38. Qg6 Qe2 39. Qxg7 Rb8 40. Rd8 1-0

[Event "Condom op-A 11th"]
[Site "Condom"]
[Date "2012.07.16"]
[Round "4"]
[White "Marholev, Dimitar"]
[Black "Forestie, Pierre"]
[Result "1-0"]
[WhiteElo "2356"]
[BlackElo "2140"]
[PlyCount "43"]
[EventDate "2012.07.14"]
[EventType "swiss"]
[EventRounds "9"]
[EventCountry "FRA"]
[SourceTitle "EXT 2013"]
[Source "ChessBase"]
[SourceDate "2012.11.22"]
[SourceVersion "1"]
[SourceVersionDate "2012.11.22"]
[SourceQuality "1"]

1. e4 e5 2. Nf3 Nc6 3. Nc3 Nf6 4. a3 a5 5. d4 exd4 6. Nxd4 d6 7. Bb5 Bd7 8. 0-0 g6 9. Re1 Nxd4 10. Bxd7+ Nxd7 11. Qxd4 f6 12. Qc4 Bg7 13. Nb5 Rc8 14. Bd2 b6 15. f4 Nf8 16. Na7 Ra8 17. Qc6+ Nd7 18. Nb5 Rc8 19. Qc4 Nf8 20. Bc3 Qd7 21. Rad1 Qf7 22. Nxd6+ 1-0

[Event "Condom op-A 11th"]
[Site "Condom"]
[Date "2012.07.15"]
[Round "2"]
[White "Bujisho, Benjamin"]
[Black "Forestie, Pierre"]
[Result "1-0"]
[WhiteElo "2391"]
[BlackElo "2140"]
[PlyCount "89"]
[EventDate "2012.07.14"]
[EventType "swiss"]
[EventRounds "9"]
[EventCountry "FRA"]
[SourceTitle "EXT 2013"]
[Source "ChessBase"]
[SourceDate "2012.11.22"]
[SourceVersion "1"]
[SourceVersionDate "2012.11.22"]
[SourceQuality "1"]

1. e4 e5 2. Nf3 Nc6 3. Bb5 Bc5 4. 0-0 Nd4 5. Nxd4 Bxd4 6. c3 Bb6 7. d4 c6 8. Ba4 d6 9. dxe5 dxe5 10. Qe2 Nf6 11. h3 Be6 12. Bb3 Qe7 13. Bxe6 Qxe6 14. Bg5 h6 15. Bxf6 Qxf6 16. Nd2 0-0 17. Nf3 Rad8 18. Rad1 Qe6 19. b3 Kh7 20. Rxd8 Rxd8 21. Rd1 Rd6 22. Rd3 g6 23. h4 Kg7 24. h5 Bc5 25. hxg6 fxg6 26. Rxd6 Bxd6 27. g3 Bc5 28. Kg2 b5 29. Ne1 Bb6 30. Nd3 a6 31. Qc2 Qd6 32. a4 h5 33. axb5 axb5 34. Ne1 Qe6 35. Nf3 Qd6 36. c4 Bd4 37. cxb5 cxb5 38. Qc8 b4 39. Ng5 Bc3 40. Qb7+ Kf6 41. Nh7+ Ke6 42. Qg7 Qd3 43. Qxg6+ Kd7 44. Nf6+ Kc7 45. Nd5+ 1-0

[Event "Condom op-A 10th"]
[Site "Condom"]
[Date "2011.07.14"]
[Round "7"]
[White "Forestie, Pierre"]
[Black "Saucey, Michel"]
[Result "1/2-1/2"]
[WhiteElo "2115"]
[BlackElo "2319"]
[PlyCount "90"]
[EventDate "2011.07.09"]
[EventType "swiss"]
[EventRounds "9"]
[EventCountry "FRA"]
[SourceTitle "CBM 143 Extra"]
[Source "ChessBase"]
[SourceDate "2011.08.29"]
[SourceVersion "1"]
[SourceVersionDate "2011.08.29"]
[SourceQuality "1"]

1. d4 d5 2. Nf3 Nf6 3. c4 e6 4. Bg5 Be7 5. Nc3 h6 6. Bh4 0-0 7. e3 b6 8. cxd5 Nxd5 9. Bxe7 Qxe7 10. Nxd5 exd5 11. Qa4 c5 12. Qa3 Be6 13. Rc1 Rc8 14. Ne5 Nd7 15. Nxd7 Qxd7 16. dxc5 Rxc5 17. Rxc5 bxc5 18. Bd3 c4 19. Bc2 d4 20. exd4 Bf5 21. Qc3 Bxc2 22. Qxc2 Re8+ 23. Kd1 Qg4+ 24. f3 Qxd4+ 25. Kc1 g6 26. Kb1 Qf4 27. h3 Rd8 28. Re1 Rc8 29. Re4 Qg3 30. a3 Qc7 31. Qc3 Qc5 32. Rd4 a5 33. h4 a4 34. Rg4 h5 35. Rd4 Qf5+ 36. Qc2 Qe6 37. Re4 Qc6 38. Qc3 Qc5 39. Rd4 Qf5+ 40. Qc2 Qc5 41. Qc3 Qf5+ 42. Re4 Qd5 43. Qc2 Qb5 44. Re3 Qc5 45. Rc3 Qb5 1/2-1/2

[Event "Pic d'Anie op 2nd"]
[Site "Arette"]
[Date "2005.08.09"]
[Round "2.4"]
[White "Forestie, Pierre"]
[Black "Vilaisarn, Akkhavanh"]
[Result "1-0"]
[WhiteElo "2000"]
[BlackElo "2199"]
[PlyCount "79"]
[EventDate "2005.08.08"]
[EventType "swiss"]
[EventRounds "7"]
[EventCountry "FRA"]
[SourceTitle "EXT 2007"]
[Source "ChessBase"]
[SourceDate "2006.11.23"]
[SourceVersion "1"]
[SourceVersionDate "2006.11.23"]
[SourceQuality "1"]

1. e4 c5 2. Nf3 Nc6 3. d4 cxd4 4. Nxd4 Nf6 5. Nc3 d6 6. f3 e5 7. Ndb5 a6 8. Na3 b5 9. Nd5 Be7 10. Be3 Nxd5 11. Qxd5 Bb7 12. Qd2 0-0 13. Bd3 Kh8 14. Nb1 Nd4 15. Bxd4 exd4 16. 0-0 Bg5 17. f4 Bf6 18. Qf2 Qb6 19. h4 Rae8 20. Nd2 Qc5 21. b3 Qh5 22. g3 Bd8 23. Rae1 Ba5 24. a3 Bc8 25. b4 Bb6 26. Qf3 Bg4 27. Qg2 Rc8 28. Kh2 f6 29. Ra1 g5 30. fxg5 fxg5 31. Rxf8+ Rxf8 32. Rf1 Rxf1 33. Qxf1 Kg7 34. Qf2 Bd8 35. Qxd4+ Bf6 36. Qa7+ Kh6 37. e5 Bg7 38. Qe7 Bf5 39. Bxf5 Qe2+ 40. Kh3 1-0

[Event "FRA-ch op-B"]
[Site "Aix les Bains"]
[Date "2003.08.20"]
[Round "2"]
[White "Michel, Fabien"]
[Black "Forestie, Pierre"]
[Result "0-1"]
[WhiteElo "1840"]
[BlackElo "1970"]
[PlyCount "100"]
[EventDate "2003.08.19"]
[EventType "swiss"]
[EventRounds "9"]
[EventCountry "FRA"]
[SourceTitle "EXT 2004"]
[Source "ChessBase"]
[SourceDate "2003.11.25"]
[SourceVersion "1"]
[SourceVersionDate "2003.11.25"]
[SourceQuality "1"]

1. Nf3 d5 2. g3 c6 3. Bg2 Nf6 4. d3 Bf5 5. Bf4 Nbd7 6. Nbd2 h6 7. c4 e6 8. Qc2 Bc5 9. Qc3 Qb6 10. 0-0 0-0 11. Nb3 Bb4 12. Qc1 Rfe8 13. Be3 Qd8 14. c5 Ba5 15. Nxa5 Qxa5 16. Nh4 Bh7 17. a3 e5 18. Bh3 Qb5 19. b4 a5 20. a4 Qa6 21. Rb1 Qa7 22. Bxd7 Nxd7 23. Bd2 axb4 24. Rxb4 f5 25. g4 f4 26. d4 g5 27. Nf3 e4 28. Ne5 Nxe5 29. dxe5 Qb8 30. Qb2 Qc8 31. f3 Rb8 32. Bc3 exf3 33. exf3 Qc7 34. Re1 Qe7 35. Bd4 Qd7 36. a5 Bd3 37. Ra1 Qc7 38. h3 Kf7 39. Rb6 Ke6 40. Rc1 Qh7 41. Ra1 Ba6 42. Rb3 Rh8 43. Qg2 Qg6 44. Re1 Rh7 45. Reb1 Rbh8 46. R1b2 h5 47. Kh2 hxg4 48. fxg4 Qe4 49. Qc2 Bc4 50. Rc3 Bf1 0-1